000 00330nam a22001337a 4500
020 _a8126506458
082 _222
_a658.4038
100 _aInmon, William H.
245 _aBuilding the data warehouse /
250 _a4th.
260 _aNew Delhi,
_bWiley India,
_cc2006.
300 _axxi, 543 p. ;
_bill. ;
_c23 cm.
942 _2ddc
_cIT
999 _c331
_d331